000 002500000a22000970004500
100 1 _aMilován, Guillermo
245 1 0 _aLa prioridad de Jesús
300 _aVol. 54, Núm 240 (1999), Páginas 13-15
773 0 _tLa Biblia de las Américas
942 _cANA
999 _c51522
_d51522